000 01136cam a22003131 4500
001 8794805
003 ARRUPE
005 20140505143837.0
008 750702s1942 xx 000 0 eng
010 _a 43001896
035 _a(OCoLC)1427733
040 _aDLC
_cGU
_dDLC
042 _apremarc
050 0 0 _aD766.3
_b.G7 1942
082 _a940.542
100 _aGarnett, David
_910071
110 1 _aGreat Britain.
_bWar Office.
_910072
245 1 4 _aThe campaign in Greece and Crete.
_cIssued for the War office by the Ministry of Information ...
260 _aLondon,
_bH.M. Stationery Off.,
_c1942.
300 _a64 p.
_billus. (maps)
_c19cm.
490 0 _aThe Army at war
500 _a"The story of the campaign up to the evacuation of the Greek mainland is by David Garnett." -- p. [2].
650 0 _aWorld War, 1939-1945
_xCampaigns
_zGreece.
_910073
650 0 _aWorld War, 1939-1945
_xCampaigns
_zGreece
_zCrete.
_910074
700 1 _aGarnett, David,
_d1892-1981.
_910075
710 1 _aGreat Britain.
_bMinistry of Information.
_910076
906 _a7
_bcbc
_coclcrpl
_du
_encip
_f19
_gy-gencatlg
942 _2lcc
_cMONOGRAPH
999 _c120459
_d120459